[Event "Dortmund op-A"]
[Site "Dortmund"]
[Date "2004.07.23"]
[Round "1"]
[White "Zweschper, Erich"]
[Black "Gerlach, Gerold"]
[Result "1-0"]
[WhiteElo "2111"]
[BlackElo "1973"]
[PlyCount "91"]
[EventDate "2004.07.??"]
[EventType "swiss"]
[EventRounds "9"]
[EventCountry "GER"]
[SourceTitle "EXT 2006"]
[Source "ChessBase"]
[SourceDate "2005.11.24"]
[SourceVersion "1"]
[SourceVersionDate "2005.11.24"]
[SourceQuality "1"]

1. d4 Nf6 2. Nf3 Nc6 3. c4 d5 4. Nc3 e6 5. Bg5 Be7 6. Qc2 h6 7. Bh4 Ng4 8. Bg3 f5 9. c5 0-0 10. e3 b6 11. Qa4 Bb7 12. Bb5 Qd7 13. h3 Nf6 14. Ne5 Qe8 15. Nxc6 a6 16. Nxe7+ Qxe7 17. Bd3 bxc5 18. dxc5 Qxc5 19. Rc1 Qb6 20. 0-0 c5 21. Ne2 c4 22. Bc2 Rae8 23. Qa3 Bc8 24. Ba4 Bd7 25. Bxd7 Nxd7 26. Qd6 Qxb2 27. Rb1 Qxe2 28. Qxd7 Qh5 29. Bd6 Rf6 30. Be5 Qf7 31. Qc6 Rg6 32. Qxe8+ Qxe8 33. Rb8 Qxb8 34. Bxb8 Rf6 35. Rb1 f4 36. Be5 Rf5 37. Bc3 fxe3 38. fxe3 e5 39. Rd1 e4 40. Rb1 Rg5 41. Rb6 a5 42. a4 Rg3 43. Kf2 Rg5 44. Rb5 d4 45. Rxg5 dxc3 46. Rc5 1-0